000 00349nam a2200157Ia 4500
100 _aKogent Learning solutions
650 _aWeb technology
942 _cBK
366 _f25
245 _aWeb technologies:Black Book
260 _bDreamtech Press
_c2013
082 _a4.65
_bKOG
300 _a1354
546 _aENGLISH
_cComputers
999 _c24856
_d24856